000 00671nam a2200241Ia 4500
003 OSt
005 20220918213332.0
006 a|||||r|||| 00| 0
007 ta
008 220917b |||||||| |||| 00| 0 eng d
024 _a132,203
037 _cTextual
040 _aARTS
_cARTS
_beng
041 _2eng
_aeng
082 _aX:8, N5 (SD)
100 _aTate William
_9126536
245 0 _aDeveloping managerial competence
_b a critical guide to methods and materials
260 _aHampshire
_bGower Pub
_c1995
300 _axviii,219p.
_ccm.
650 _aECONOMICS
942 _hX:8, N5 (SD)
_cTEXL
_2CC
999 _c255325
_d255325